<?xml version="1.0" encoding="UTF-8"?>
<marc:record xmlns:marc="http://www.loc.gov/MARC21/slim">
   <marc:leader>00000nam a2200000 a 4500</marc:leader>
   <marc:datafield ind1="1" ind2=" " tag="100">
      <marc:subfield code="a">Spitzer, Jana</marc:subfield>
      <marc:subfield code="4">aut</marc:subfield>
      <marc:subfield code="e">Verfasser/-in</marc:subfield>
   </marc:datafield>
   <marc:datafield ind1="1" ind2=" " tag="100">
      <marc:subfield code="a">Dittrich, Reiner</marc:subfield>
      <marc:subfield code="4">aut</marc:subfield>
      <marc:subfield code="e">Verfasser/-in</marc:subfield>
   </marc:datafield>
   <marc:datafield ind1=" " ind2=" " tag="653">
      <marc:subfield code="a">Backöfen</marc:subfield>
   </marc:datafield>
   <marc:datafield ind1="0" ind2="0" tag="245">
      <marc:subfield code="a">Backöfen in Haus und Garten selbst gebaut</marc:subfield>
   </marc:datafield>
   <marc:datafield ind1="0" ind2="0" tag="245">
      <marc:subfield code="c">Jana Spitzer ; Reiner Dittrich</marc:subfield>
   </marc:datafield>
   <marc:datafield ind1=" " ind2="1" tag="264">
      <marc:subfield code="a">Rastede</marc:subfield>
      <marc:subfield code="b">Ökobuch</marc:subfield>
      <marc:subfield code="c">2021</marc:subfield>
   </marc:datafield>
   <marc:datafield ind1=" " ind2=" " tag="250">
      <marc:subfield code="a">8. Auflage</marc:subfield>
   </marc:datafield>
   <marc:datafield ind1="1" ind2=" " tag="520">
      <marc:subfield code="a">In diesem Buch wird detailliert und anhand vieler Fotos und Zeichnungen gezeigt, wie ein Backofen selbst gebaut werden kann, aus Lehm, Steinen, Holz und Stroh aus Materialien also, die überall erhältlich sind und nicht viel kosten. Die einzelnen Schritte beim Bau werden ausführlich beschrieben, ebenso das erste Anheizen und wichtiges Zubehör für das Backen in geselliger Runde, sei es im Garten, auf der überdachten Terrasse oder im Haus. Zahlreiche Fotos zeigen die Vielfalt der Formen selbst gebauter Backöfen und geben Anregungen für eigene Ideen. Außerdem: Wie sehen in anderen Ländern traditionelle Backöfen aus und was wird dort in ihnen zubereitet?</marc:subfield>
   </marc:datafield>
   <marc:datafield ind1=" " ind2=" " tag="020">
      <marc:subfield code="a">9783936896640</marc:subfield>
      <marc:subfield code="9">9783936896640</marc:subfield>
   </marc:datafield>
   <marc:datafield ind1=" " ind2=" " tag="020">
      <marc:subfield code="a">393689664X</marc:subfield>
      <marc:subfield code="9">393689664X</marc:subfield>
   </marc:datafield>
   <marc:datafield ind1=" " ind2=" " tag="300">
      <marc:subfield code="a">94 Seiten : zahlr. Ill.</marc:subfield>
   </marc:datafield>
</marc:record>
